000 00262nam a22001097a 4500
082 _a740/SHA
100 _aShahu,Ramesh
_983560
245 _aHistory Of Indian Handicrafts
260 _aDelhi
_bRaman Publication
_c2020
650 _aHandicrafts
_927306
942 _cBK
999 _c68501
_d68501